|
|
|
|
| LEADER |
01001nam a2200265 u 4500 |
| 001 |
10023393 |
| 003 |
upatras |
| 005 |
20210117205754.0 |
| 008 |
990123s1981 us eng |
| 020 |
|
|
|a 0471080330
|
| 040 |
|
|
|a GR-PaULI
|c GR-PaULI
|
| 041 |
0 |
|
|a eng
|
| 082 |
0 |
4 |
|a 515.35
|
| 100 |
1 |
|
|a Nayfeh, Ali Hasan
|9 42716
|
| 245 |
1 |
0 |
|a Introduction to perturbation techniques
|c Ali Hasan Nayfeh
|
| 260 |
|
|
|a New York
|b John Wiley and Sons
|c 1981
|
| 300 |
|
|
|a xiv, 519 p.
|b fig.
|c 24 cm.
|
| 504 |
|
|
|a Includes bibliography and index
|
| 650 |
|
4 |
|a Αριθμητικές μέθοδοι
|9 131
|
| 650 |
|
4 |
|9 130
|a Εξισώσεις, Διαφορικές
|
| 852 |
|
|
|a GR-PaULI
|b ΠΑΤΡΑ
|b ΒΚΠ
|b ΒΣ1
|k ΑΣΧΞ-12
|h 515.35 N
|m 045770
|p 025000059201
|t 1
|
| 942 |
|
|
|2 ddc
|c BK15
|
| 952 |
|
|
|0 0
|1 0
|4 0
|6 515_350000000000000_N
|7 0
|9 190138
|a LISP
|b LISP
|c BSC
|d 2016-04-24
|i 045770
|l 1
|m 1
|o 515.35 N
|p 025000059201
|r 2019-12-16 00:00:00
|s 2019-11-28
|t 1
|w 2016-04-24
|y BK15
|
| 998 |
|
|
|c ΣΥΨΑ
|d 1999-08
|
| 999 |
|
|
|c 117089
|d 117089
|